[Event "1. OEsterreichische Internet Schach Meisterschaft - Vorrunde 1"]
[Site "Online - Playchess.com"]
[Date ""]
[Round "5"]
[Board "78"]
[White "Putz, Georg"]
[Black "Kaltenbeck, Dieter"]
[Result "1-0"]
[WhiteElo "2071"]
[BlackElo "1314"]
[PlyCount "22"]
[EventDate "2020.04.11"]
[EventRounds "9"]
[EventCountry "AUT"]

1. d4 Nf6 2. f4 d6 3. Nf3 Bf5 4. e3 Nc6 5. c3 Qd7 6. Nbd2 O-O-O 7. Bb5 a6 8.
Ba4 h5 9. c4 h4 10. d5 e5 11. dxc6 Qxc6 {Dk2020 gibt auf}  1-0

[Event "1. OEsterreichische Internet Schach Meisterschaft - Vorrunde 1"]
[Site "Online - Playchess.com"]
[Date ""]
[Round "5"]
[Board "79"]
[White "Zechner, Andrea"]
[Black "Gall, Bernhard"]
[Result "1-0"]
[WhiteElo "1862"]
[BlackElo "1244"]
[PlyCount "45"]
[EventDate "2020.04.11"]
[EventRounds "9"]
[EventCountry "AUT"]

1. d4 e5 2. dxe5 Nc6 3. Nf3 Qe7 4. e3 Qb4+ 5. Qd2 Qxd2+ 6. Nbxd2 f6 7. exf6
Nxf6 8. Be2 d5 9. O-O Bd6 10. b3 O-O 11. Bb2 Ng4 12. h3 Nf6 13. Rfd1 Bd7 14. c4
Rae8 15. cxd5 Nxd5 16. Bc4 Be6 17. a3 Kh8 18. Ng5 Bg8 19. Nde4 Nf6 20. Nxd6
cxd6 21. Bxg8 Rxg8 22. Rxd6 Rd8 23. Nf7#  1-0

[Event "1. OEsterreichische Internet Schach Meisterschaft - Vorrunde 1"]
[Site "Online - Playchess.com"]
[Date ""]
[Round "5"]
[Board "80"]
[White "Ticar, Clemens"]
[Black "Schein, Leopold"]
[Result "1-0"]
[WhiteElo "1753"]
[BlackElo "1584"]
[PlyCount "63"]
[EventDate "2020.04.11"]
[EventRounds "9"]
[EventCountry "AUT"]

1. d4 Nf6 2. c4 e6 3. Nf3 Bb4+ 4. Bd2 Qe7 5. a3 Bxd2+ 6. Nbxd2 O-O 7. g3 b6 8.
Bg2 Bb7 9. O-O d5 10. b4 Nbd7 11. Re1 c5 12. dxc5 bxc5 13. cxd5 Nxd5 14. e4
N5f6 15. e5 Nd5 16. Ne4 cxb4 17. Nd6 Rfb8 18. axb4 Nxb4 19. Nxb7 Rxb7 20. Nd4
Nd5 21. Qa4 N7b6 22. Qc6 Rc7 23. Qd6 Qxd6 24. exd6 Rd7 25. Nb5 a6 26. Nc7 Nxc7
27. dxc7 Rc8 28. Rxa6 Nd5 29. Bxd5 Rxd5 30. Ra7 Rc5 31. Rb1 g6 32. Rb8 {
Leoschein gibt auf}  1-0

[Event "1. OEsterreichische Internet Schach Meisterschaft - Vorrunde 1"]
[Site "Online - Playchess.com"]
[Date ""]
[Round "5"]
[Board "81"]
[White "Nyenstad, Martin"]
[Black "Buchner, Martin"]
[Result "0-1"]
[WhiteElo "800"]
[BlackElo "2055"]
[PlyCount "50"]
[EventDate "2020.04.11"]
[EventRounds "9"]
[EventCountry "AUT"]

1. e4 d5 2. exd5 Qxd5 3. Nc3 Qd8 4. d4 c6 5. Nf3 Nf6 6. Bc4 Bg4 7. O-O e6 8. h3
Bh5 9. Bg5 Nbd7 10. Bxf6 Nxf6 11. Ne5 Bxd1 12. Raxd1 Nd5 13. Bxd5 exd5 14. f4
Bd6 15. Rde1 O-O 16. Ne2 Bxe5 17. fxe5 Qb6 18. Nc3 Qxd4+ 19. Kh2 Rae8 20. Ne2
Qxe5+ 21. Ng3 Qd6 22. Rxe8 Rxe8 23. Rf5 Re3 24. Kg1 Qxg3 25. Rf1 Re2 {Zeit}  0-1

[Event "1. OEsterreichische Internet Schach Meisterschaft - Vorrunde 1"]
[Site "Online - Playchess.com"]
[Date ""]
[Round "5"]
[Board "82"]
[White "Lohr, Thomas"]
[Black "Thummer, Philipp"]
[Result "0-1"]
[WhiteElo "1203"]
[BlackElo "1207"]
[PlyCount "80"]
[EventDate "2020.04.11"]
[EventRounds "9"]
[EventCountry "AUT"]

1. e4 d6 2. Nf3 Bg4 3. Be2 c6 4. h3 Bxf3 5. Bxf3 Nd7 6. d4 g6 7. Bf4 Bg7 8. c3
e5 9. Be3 exd4 10. Bxd4 Bxd4 11. Qxd4 Qf6 12. Qxf6 Ngxf6 13. O-O Ne5 14. Rd1
O-O-O 15. a4 Nxf3+ 16. gxf3 Nh5 17. Kg2 Nf4+ 18. Kg3 g5 19. c4 Rhe8 20. Nc3 Kc7
21. h4 h6 22. Rh1 Re5 23. Rac1 Kb6 24. b3 d5 25. Rcd1 d4 26. Rhe1 Kc7 27. b4
dxc3 28. Rxd8 Kxd8 29. Rd1+ Kc7 30. Rc1 Ne2+ 31. Kg4 Nxc1 32. hxg5 hxg5 33. f4
gxf4 34. Kxf4 Re6 35. f3 Na2 36. Ke3 c2 37. Kd3 c1=Q 38. b5 Rd6+ 39. Ke2 Qc2+
40. Ke3 Qd2#  0-1

[Event "1. OEsterreichische Internet Schach Meisterschaft - Vorrunde 1"]
[Site "Online - Playchess.com"]
[Date ""]
[Round "5"]
[Board "85"]
[White "Griessnig, Thomas"]
[Black "Kellner, Nikolaus"]
[Result "1-0"]
[WhiteElo "1895"]
[BlackElo "1685"]
[PlyCount "37"]
[EventDate "2020.04.11"]
[EventRounds "9"]
[EventCountry "AUT"]

1. d4 f5 2. Bg5 g6 3. h4 Bg7 4. h5 Bf6 5. Bxf6 Nxf6 6. hxg6 Rg8 7. gxh7 Rh8 8.
e3 e6 9. Nf3 Qe7 10. Ne5 Qg7 11. Be2 d6 12. Bh5+ Nxh5 13. Qxh5+ Kd8 14. Nf7+
Ke7 15. Nxh8 Qxh8 16. Rh3 Nd7 17. Rg3 Nf6 18. Qh6 Bd7 19. Rg7+ {Zeit}  1-0

[Event "1. OEsterreichische Internet Schach Meisterschaft - Vorrunde 1"]
[Site "Online - Playchess.com"]
[Date ""]
[Round "6"]
[Board "1"]
[White "Halvax, Georg"]
[Black "Ragger, Markus"]
[Result "1-0"]
[WhiteElo "2416"]
[BlackElo "2679"]
[PlyCount "81"]
[EventDate "2020.04.11"]
[EventRounds "9"]
[EventCountry "AUT"]

1. d4 Nf6 2. c4 g6 3. Nc3 d5 4. Nf3 Bg7 5. h4 c6 6. Bg5 dxc4 7. e4 Be6 8. Bxf6
exf6 9. h5 O-O 10. Be2 b5 11. Qd2 Nd7 12. Qf4 g5 13. Qd6 h6 14. Qxc6 Rc8 15.
Qa6 b4 16. Nb5 Nb8 17. Qxa7 f5 18. d5 Bd7 19. Nfd4 fxe4 20. O-O Bxb5 21. Nxb5
Qxd5 22. a4 Bxb2 23. Rad1 Qc5 24. Qb7 c3 25. Qxe4 c2 26. Bd3 f5 27. Qe6+ Rf7
28. Nd6 Rcf8 29. Nxf7 Rxf7 30. Bxc2 Qc7 31. Bb3 Kg7 32. Qxf7+ Qxf7 33. Bxf7
Kxf7 34. a5 Bc3 35. Rd3 Ke6 36. Rb1 Na6 37. Rbd1 Nc5 38. Rd6+ Ke7 39. a6 b3 40.
a7 b2 41. a8=Q {Sackbauer gibt auf}  1-0

[Event "1. OEsterreichische Internet Schach Meisterschaft - Vorrunde 1"]
[Site "Online - Playchess.com"]
[Date ""]
[Round "6"]
[Board "2"]
[White "Breneis, Lukas"]
[Black "Peyrer, Konstantin"]
[Result "1/2-1/2"]
[WhiteElo "2257"]
[BlackElo "2265"]
[PlyCount "123"]
[EventDate "2020.04.11"]
[EventRounds "9"]
[EventCountry "AUT"]

1. e4 e5 2. Nf3 Nc6 3. Bb5 a6 4. Ba4 Nf6 5. O-O b5 6. Bb3 Bc5 7. Nxe5 Nxe5 8.
d4 Bxd4 9. Qxd4 d6 10. Qd1 O-O 11. Bg5 h6 12. Bxf6 Qxf6 13. Nc3 Bb7 14. f4 Nd7
15. Nd5 Qd8 16. c4 Nc5 17. Qd4 Re8 18. Rae1 c6 19. Nc3 Qc7 20. Bc2 Rad8 21.
cxb5 axb5 22. b4 Ne6 23. Qd3 Qb6+ 24. Kh1 Nd4 25. Bb1 Bc8 26. f5 f6 27. Rd1 c5
28. Nd5 Qa7 29. Qg3 Qf7 30. bxc5 dxc5 31. a4 bxa4 32. Ba2 Nb3 33. Bxb3 axb3 34.
Qxb3 Kh8 35. Qc4 Bb7 36. Qxc5 Rxe4 37. Nc3 Rxd1 38. Rxd1 Rg4 39. Rg1 Rc4 40.
Qe3 Qc7 41. Ne2 Re4 42. Qd2 Qe5 43. Ng3 Rd4 44. Qb2 Qd5 45. Qf2 Rd2 46. Qf1 Kh7
47. h3 Qb3 48. Kh2 Qb2 49. h4 Qd4 50. Kh3 Rd3 51. Qe2 Qd6 52. Qg4 Kg8 53. Re1
Qd7 54. Qg6 Bc6 55. Re2 Rc3 56. Kh2 Qc7 57. Re8+ Bxe8 58. Qxe8+ Kh7 59. Qg6+
Kg8 60. Qe8+ Kh7 61. Qg6+ Kg8 62. Qe8+  1/2-1/2

[Event "1. OEsterreichische Internet Schach Meisterschaft - Vorrunde 1"]
[Site "Online - Playchess.com"]
[Date ""]
[Round "6"]
[Board "3"]
[White "Sulzbacher, Michael"]
[Black "Frank, Paul"]
[Result "1-0"]
[WhiteElo "2018"]
[BlackElo "2210"]
[PlyCount "105"]
[EventDate "2020.04.11"]
[EventRounds "9"]
[EventCountry "AUT"]

1. b3 e5 2. Bb2 Nc6 3. d4 exd4 4. Bxd4 Nxd4 5. Qxd4 Qf6 6. Nf3 Bc5 7. Qxf6 Nxf6
8. c3 O-O 9. e3 d6 10. Be2 a5 11. Nbd2 Be6 12. O-O a4 13. b4 Ba7 14. a3 c6 15.
Nd4 Bd7 16. Bf3 Rfe8 17. Rfe1 Ng4 18. Bxg4 Bxg4 19. N2f3 Rad8 20. h3 Bh5 21.
Rac1 d5 22. Nd2 Bg6 23. g3 h5 24. Kg2 Re7 25. g4 hxg4 26. hxg4 f6 27. Kg3 Bb8+
28. Kg2 Kf7 29. Rh1 Ree8 30. c4 Ba7 31. c5 Bb8 32. Rhe1 Rh8 33. Rh1 Rxh1 34.
Rxh1 Re8 35. Rc1 Be5 36. N2f3 Be4 37. Kf1 Bxf3 38. Nxf3 Bb2 39. Rb1 Bxa3 40.
Nd4 Rh8 41. Ke2 Rh4 42. Nc2 Bc1 43. Rxc1 Rxg4 44. Ra1 Rc4 45. Kd3 Rh4 46. Rxa4
Rh8 47. Ra7 Rb8 48. Nd4 g6 49. Nb3 Ke6 50. Na5 b6 51. Nxc6 Rc8 52. Nd4+ Ke5 53.
f4#  1-0

[Event "1. OEsterreichische Internet Schach Meisterschaft - Vorrunde 1"]
[Site "Online - Playchess.com"]
[Date ""]
[Round "6"]
[Board "4"]
[White "Rieger, Robert"]
[Black "Hofmann, Thomas"]
[Result "1/2-1/2"]
[WhiteElo "2307"]
[BlackElo "2215"]
[PlyCount "22"]
[EventDate "2020.04.11"]
[EventRounds "9"]
[EventCountry "AUT"]

1. e4 c5 2. Nf3 Nf6 3. Nc3 d5 4. exd5 Nxd5 5. Bb5+ Bd7 6. Bxd7+ Qxd7 7. O-O Nc6
8. d3 e6 9. Nxd5 Qxd5 10. a3 Be7 11. Qe2 O-O  1/2-1/2

[Event "1. OEsterreichische Internet Schach Meisterschaft - Vorrunde 1"]
[Site "Online - Playchess.com"]
[Date ""]
[Round "6"]
[Board "5"]
[White "Schwabeneder, Florian"]
[Black "Platzgummer, Fabian"]
[Result "1-0"]
[WhiteElo "2431"]
[BlackElo "2336"]
[PlyCount "119"]
[EventDate "2020.04.11"]
[EventRounds "9"]
[EventCountry "AUT"]

1. e4 c5 2. Nf3 d6 3. c3 Nf6 4. Be2 Bg4 5. Qb3 Qb6 6. d3 e6 7. Nbd2 Nc6 8. h3
Bxf3 9. Nxf3 Be7 10. O-O O-O 11. Bf4 Nd7 12. Qc2 Nde5 13. Nd2 f5 14. exf5 Rxf5
15. Be3 Raf8 16. f4 Ng6 17. Bg4 R5f6 18. Ne4 Rxf4 19. Bxf4 Nxf4 20. g3 h5 21.
Rxf4 hxg4 22. Rxf8+ Kxf8 23. Rf1+ Ke8 24. hxg4 d5 25. Nf2 Kd7 26. Kg2 Bd6 27.
Nh3 Nd8 28. Qe2 Qc6 29. Ng5 Be7 30. Nf3 Kc7 31. Ne5 Qa4 32. Nf7 Qe8 33. Nxd8
Bxd8 34. Qe5+ Kc6 35. Re1 Kd7 36. Qxg7+ Be7 37. Qe5 Qf7 38. g5 Qg6 39. c4 d4
40. Qe4 Qxg5 41. Qxe6+ Kd8 42. Qd5+ Qxd5+ 43. cxd5 Kd7 44. Re6 Bg5 45. Kf3 c4
46. dxc4 d3 47. Rg6 Bc1 48. b3 a5 49. g4 Ke7 50. Rb6 a4 51. bxa4 Kd7 52. Rb3 d2
53. Ke2 Kd6 54. g5 d1=Q+ 55. Kxd1 Bxg5 56. Rb5 Kd7 57. Rxb7+ Kd6 58. Rb5 Be3
59. Kc2 Bd4 60. a5 {En#passant gibt auf}  1-0

[Event "1. OEsterreichische Internet Schach Meisterschaft - Vorrunde 1"]
[Site "Online - Playchess.com"]
[Date ""]
[Round "6"]
[Board "6"]
[White "Bachler, Reinhard"]
[Black "Freitag, Manfred"]
[Result "0-1"]
[WhiteElo "2143"]
[BlackElo "2356"]
[PlyCount "78"]
[EventDate "2020.04.11"]
[EventRounds "9"]
[EventCountry "AUT"]

1. f4 d5 2. Nf3 g6 3. g3 Bg7 4. Bg2 Nd7 5. O-O e5 6. d3 Ne7 7. Nc3 c6 8. e4 d4
9. Ne2 c5 10. a4 O-O 11. f5 gxf5 12. Nh4 f4 13. gxf4 exf4 14. Nxf4 Ng6 15. Nf5
Nde5 16. Nh5 Bxf5 17. exf5 Nh4 18. f6 Bh8 19. Be4 Nhg6 20. Bd2 Re8 21. Qe2 Qd7
22. Qg2 Qg4 23. Qxg4 Nxg4 24. b3 Rab8 25. Bf4 Rbd8 26. Bg3 Ne3 27. Rf2 b6 28.
h3 Re6 29. Re1 Rde8 30. Rf3 c4 31. dxc4 Nxc2 32. Bxc2 Rxe1+ 33. Kg2 R1e2+ 34.
Rf2 Rxf2+ 35. Kxf2 Ne5 36. Bf5 d3 37. Bxe5 Rxe5 38. Bg4 d2 39. Ng3 Re1  0-1

[Event "1. OEsterreichische Internet Schach Meisterschaft - Vorrunde 1"]
[Site "Online - Playchess.com"]
[Date ""]
[Round "6"]
[Board "7"]
[White "Perhinig, Robert"]
[Black "Neuschmied, Siegfried"]
[Result "1-0"]
[WhiteElo "2252"]
[BlackElo "2268"]
[PlyCount "81"]
[EventDate "2020.04.11"]
[EventRounds "9"]
[EventCountry "AUT"]

1. d4 Nf6 2. Bg5 d5 3. Bxf6 exf6 4. e3 Bd6 5. c4 dxc4 6. Bxc4 O-O 7. Nc3 c5 8.
Nf3 Nc6 9. O-O a6 10. h3 b5 11. Bd5 Bb7 12. dxc5 Bxc5 13. Rc1 Qb6 14. Qe2 Rad8
15. Rfd1 Bd6 16. Ne4 Bb8 17. Nc5 Ba8 18. a3 Rxd5 19. Rxd5 Ne5 20. Nxe5 Bxd5 21.
Ned7 Qd6 22. Nxb8 Rxb8 23. Qd3 Qc6 24. e4 Bc4 25. Qd4 g6 26. b3 Be6 27. b4 Bc4
28. Rd1 Re8 29. f3 Kg7 30. Qd6 Qxd6 31. Rxd6 Ra8 32. Nd7 a5 33. Nxf6 axb4 34.
axb4 Ra4 35. e5 Rxb4 36. Rd8 Rb1+ 37. Kh2 Re1 38. f4 b4 39. g4 b3 40. g5 b2 41.
Rg8#  1-0

[Event "1. OEsterreichische Internet Schach Meisterschaft - Vorrunde 1"]
[Site "Online - Playchess.com"]
[Date ""]
[Round "6"]
[Board "8"]
[White "Borrmann, Laurenz"]
[Black "Hiermann, Dietmar"]
[Result "1/2-1/2"]
[WhiteElo "1880"]
[BlackElo "2250"]
[PlyCount "121"]
[EventDate "2020.04.11"]
[EventRounds "9"]
[EventCountry "AUT"]

1. e4 e5 2. Nc3 Nf6 3. Nf3 Nc6 4. d4 exd4 5. Nxd4 Bb4 6. Nxc6 bxc6 7. Bd3 d5 8.
exd5 cxd5 9. O-O O-O 10. h3 c6 11. Qf3 Be6 12. Bg5 Be7 13. Rab1 h6 14. Bh4 Nh7
15. Bxe7 Qxe7 16. Bxh7+ Kxh7 17. b4 Rab8 18. a3 Kg8 19. Na4 Qd6 20. Nc5 a5 21.
Rfe1 axb4 22. axb4 Rfe8 23. c3 Bd7 24. Qg3 Qxg3 25. fxg3 Be6 26. Re2 Kf8 27.
Rbe1 Rbd8 28. Nxe6+ fxe6 29. Rxe6 Rxe6 30. Rxe6 Rc8 31. Re5 Kf7 32. Kf2 Kf6 33.
Re3 c5 34. bxc5 Rxc5 35. Rd3 Ke5 36. Ke3 Rc4 37. Kd2 Ra4 38. Ke3 g5 39. g4 Ra2
40. Kf3 Ra3 41. Re3+ Kd6 42. Rd3 Kc5 43. Ke2 Ra2+ 44. Rd2 Ra5 45. Kd3 Ra3 46.
Rf2 Ra6 47. g3 Re6 48. Rf5 Kd6 49. h4 gxh4 50. gxh4 Kc6 51. g5 hxg5 52. hxg5
Re1 53. Rf6+ Kc5 54. g6 Rg1 55. Re6 Rg3+ 56. Kc2 Kc4 57. Rc6+ Kb5 58. Rf6 Kc4
59. Rc6+ Kb5 60. Rf6 Kc4 61. Rc6+  1/2-1/2

[Event "1. OEsterreichische Internet Schach Meisterschaft - Vorrunde 1"]
[Site "Online - Playchess.com"]
[Date ""]
[Round "6"]
[Board "9"]
[White "Juenger, Heinz"]
[Black "Lichtl, Erich"]
[Result "1/2-1/2"]
[WhiteElo "2165"]
[BlackElo "2096"]
[PlyCount "55"]
[EventDate "2020.04.11"]
[EventRounds "9"]
[EventCountry "AUT"]

1. e4 c6 2. Nf3 d5 3. Nc3 dxe4 4. Nxe4 Nf6 5. Qe2 Nxe4 6. Qxe4 Nd7 7. Bc4 Nf6
8. Ne5 e6 9. Qe2 Bd6 10. d4 O-O 11. O-O Qc7 12. Re1 h6 13. c3 b5 14. Bb3 a6 15.
a4 Rb8 16. Qf3 Nd5 17. axb5 axb5 18. Bc2 c5 19. Qd3 f5 20. Qg3 Rf6 21. f4 c4
22. Bd2 Qd8 23. Qf2 Qe8 24. Ra7 Rb7 25. Ra8 Rb8 26. Ra7 Rb7 27. Ra8 Rb8 28. Ra7
 1/2-1/2

[Event "1. OEsterreichische Internet Schach Meisterschaft - Vorrunde 1"]
[Site "Online - Playchess.com"]
[Date ""]
[Round "6"]
[Board "10"]
[White "Wukits, Rene"]
[Black "Froewis, Georg"]
[Result "0-1"]
[WhiteElo "2312"]
[BlackElo "2457"]
[PlyCount "58"]
[EventDate "2020.04.11"]
[EventRounds "9"]
[EventCountry "AUT"]

1. d4 d5 2. c4 e6 3. Nc3 c6 4. e3 Nf6 5. Nf3 Nbd7 6. Bd3 dxc4 7. Bxc4 b5 8. Bd3
Bd6 9. O-O O-O 10. Qc2 Bb7 11. e4 e5 12. Bg5 exd4 13. e5 Nxe5 14. Bxh7+ Kh8 15.
Nxd4 Neg4 16. h3 Bh2+ 17. Kh1 Qxd4 18. Rad1 Qe5 19. f4 Qc5 20. hxg4 Nxh7 21.
Kxh2 Nxg5 22. fxg5 Qe5+ 23. Kg1 Qe3+ 24. Kh1 g6 25. Rd7 Kg7 26. Rf3 Rh8+ 27.
Rh3 Rxh3+ 28. gxh3 Qxh3+ 29. Kg1 Qxg4+ {RWukits gibt auf}  0-1

[Event "1. OEsterreichische Internet Schach Meisterschaft - Vorrunde 1"]
[Site "Online - Playchess.com"]
[Date ""]
[Round "6"]
[Board "11"]
[White "Schreiner, Peter"]
[Black "Bachner, Karsten"]
[Result "1-0"]
[WhiteElo "2440"]
[BlackElo "1997"]
[PlyCount "169"]
[EventDate "2020.04.11"]
[EventRounds "9"]
[EventCountry "AUT"]

1. Nf3 d5 2. g3 c6 3. Bg2 Nf6 4. O-O g6 5. d4 Bg7 6. c4 O-O 7. b3 Re8 8. Bb2
Ne4 9. Nc3 Bf5 10. Nh4 Nxc3 11. Bxc3 Bc8 12. Qc2 a5 13. e4 dxe4 14. Bxe4 Bh3
15. Rfd1 Qc7 16. Nf3 Nd7 17. Ng5 Bg4 18. f3 Be6 19. Nxe6 fxe6 20. f4 Nf6 21.
Bf3 Ra6 22. Qe2 c5 23. dxc5 Qxc5+ 24. Bd4 Qc7 25. Be5 Qc5+ 26. Bd4 Qc7 27. Re1
Nd7 28. Bxg7 Kxg7 29. Rad1 e5 30. Bg4 Qc5+ 31. Kh1 Qc6+ 32. Bf3 Qc7 33. fxe5
Re6 34. Rd5 h5 35. Bg2 Nb6 36. Rxa5 Nxc4 37. Rd5 Nb6 38. Rd3 Rf8 39. Bh3 Rc6
40. e6 Rf6 41. Rd2 Rc5 42. Qe3 Rc3 43. Qe5 Qc8 44. Rf2 Rc2 45. Rxf6 Qc6+ 46.
Qe4 Qxe4+ 47. Rxe4 Kxf6 48. Rb4 Nd5 49. Rxb7 Ne3 50. Kg1 Rxa2 51. b4 Nd5 52. b5
Ke5 53. Bg2 Ra1+ 54. Kf2 Ra2+ 55. Kf3 Kd6 56. Bf1 Ra3+ 57. Ke4 Ra4+ 58. Kd3 Ra2
59. b6 Rb2 60. Rd7+ Kxe6 61. Bh3+ Ke5 62. b7 Rb6 63. Bg2 Nb4+ 64. Kc4 Na6 65.
Rxe7+ Kd6 66. Rg7 Ke5 67. Rg8 Rb2 68. Bc6 Rb4+ 69. Kc3 Rb1 70. Kd2 Kd6 71. Bf3
Rb3 72. Ke2 Rb2+ 73. Ke3 Rb3+ 74. Kf4 Kc7 75. Rxg6 Rb4+ 76. Kg5 Nc5 77. Rg7+
Nd7 78. Bxh5 Rb5+ 79. Kh6 Rxb7 80. Bg4 Rb6+ 81. Kg5 Rb5+ 82. Kh4 Rd5 83. Rxd7+
Rxd7 84. Bxd7 Kxd7 85. Kg5 {KaBa1995 gibt auf}  1-0

[Event "1. OEsterreichische Internet Schach Meisterschaft - Vorrunde 1"]
[Site "Online - Playchess.com"]
[Date ""]
[Round "6"]
[Board "12"]
[White "Schnider, Gert"]
[Black "Mostbauer, Maximilian"]
[Result "1/2-1/2"]
[WhiteElo "2423"]
[BlackElo "2217"]
[PlyCount "241"]
[EventDate "2020.04.11"]
[EventRounds "9"]
[EventCountry "AUT"]

1. e4 e6 2. d4 d5 3. Nc3 dxe4 4. Nxe4 Nd7 5. Nf3 Ngf6 6. Bd3 c5 7. Nxc5 Nxc5 8.
dxc5 Bxc5 9. Bg5 O-O 10. O-O b6 11. Ne5 Bb7 12. Qe2 Qc7 13. Rad1 Rfd8 14. Bxf6
gxf6 15. Ng4 Qf4 16. Rde1 Kh8 17. g3 Qf3 18. Qxf3 Bxf3 19. Nxf6 Kg7 20. Ne4
Bxe4 21. Rxe4 Rd4 22. Rfe1 Rad8 23. Re5 R4d5 24. R5e2 Bd4 25. b3 Bc3 26. Rf1
Re5 27. Rxe5 Bxe5 28. f4 Bd4+ 29. Kg2 a5 30. Kf3 Bc5 31. Re1 h6 32. Re5 Rd5 33.
Re2 Kf6 34. h4 Rd4 35. h5 Bd6 36. Rh2 Ke7 37. Rh4 Kf6 38. Rg4 Bc7 39. Rg8 Rd8
40. Rg4 Rd4 41. Rh4 Bd6 42. a4 Bc5 43. Rh2 Be7 44. Rg2 Bd6 45. Ke3 Bc5 46. Kf3
Bd6 47. Re2 Bc5 48. Be4 Bb4 49. Bd3 Bc5 50. g4 Bd6 51. Be4 Bc5 52. Rg2 Kg7 53.
g5 Rd1 54. Bd3 Bb4 55. g6 f5 56. Re2 Kf6 57. Bc4 Rd6 58. Re5 Bc5 59. Re2 Bd4
60. Rg2 Kg7 61. Ke2 Bc5 62. Bd3 Bb4 63. Kf3 Bc5 64. Re2 Kf6 65. Bc4 Bb4 66. Re3
Bc5 67. Re1 Bb4 68. Rg1 Kg7 69. Rg2 Bc5 70. c3 Ba3 71. Re2 Kf6 72. Rc2 Bc5 73.
Rg2 Kg7 74. Ke2 Ba3 75. Rg3 Bc5 76. Rd3 Rxd3 77. Kxd3 Kf6 78. Bb5 Bd6 79. Ke3
Bc5+ 80. Kf3 Bd6 81. Bd7 e5 82. fxe5+ Bxe5 83. c4 Bd6 84. Bc6 Bc7 85. Bd5 Bd6
86. Ke3 Bc5+ 87. Kf4 Bd6+ 88. Ke3 Bc5+ 89. Kd3 Bd6 90. Kd4 Bc5+ 91. Kc3 Bd6 92.
Kd3 Bc5 93. Bf7 Bd6 94. Be8 Bc5 95. Bc6 Bd6 96. c5 Bxc5 97. Kc4 Bg1 98. Kd5 Bf2
99. Kd6 Bc5+ 100. Kd7 Kg7 101. Ke6 f4 102. Bf3 Be3 103. Ke5 Bd2 104. Kf5 Be3
105. Ke6 Bd2 106. Kd6 Be3 107. Kc6 Kf6 108. Kb5 Kg7 109. Kc4 Bd2 110. b4 Bxb4
111. Kd4 Bc5+ 112. Ke4 Be3 113. Be2 Kf6 114. Bd3 Bd2 115. Be2 Bb4 116. Bd3 Bc5
117. Be2 Kg7 118. Kxf4 Kg8 119. Kf5 Kg7 120. Bc4 Bg1 121. Ke6 {Mosti bietet
Remis}  1/2-1/2

[Event "1. OEsterreichische Internet Schach Meisterschaft - Vorrunde 1"]
[Site "Online - Playchess.com"]
[Date ""]
[Round "6"]
[Board "13"]
[White "Poetz, Florian"]
[Black "Enoeckl, Philipp"]
[Result "1-0"]
[WhiteElo "2422"]
[BlackElo "2276"]
[PlyCount "107"]
[EventDate "2020.04.11"]
[EventRounds "9"]
[EventCountry "AUT"]

1. b3 e5 2. Bb2 d6 3. c4 g6 4. e3 Bg7 5. a3 Nc6 6. Nf3 Nf6 7. d4 O-O 8. Be2
exd4 9. Nxd4 Nxd4 10. Bxd4 Bd7 11. Bf3 Bc6 12. Bxc6 bxc6 13. Qf3 c5 14. Bc3 Nd7
15. Bxg7 Kxg7 16. O-O Rb8 17. Nd2 Ne5 18. Qd5 Re8 19. Rab1 f5 20. Nf3 Nxf3+ 21.
Qxf3 Re4 22. Qd1 Qf6 23. Qd5 Qc3 24. Qc6 Re7 25. Qa4 h5 26. Rfc1 Qd3 27. Rd1
Qc3 28. h4 f4 29. exf4 Rbe8 30. Qc6 a5 31. g3 a4 32. bxa4 Qxc4 33. a5 d5 34. a6
Re6 35. Qxc7+ R8e7 36. Qd8 d4 37. Rb8 Re8 38. Qd7+ R8e7 39. Qc8 Re8 40. Qb7+
R8e7 41. a7 Rxb7 42. Rxb7+ Kf6 43. a8=Q Kf5 44. Qc8 Qe2 45. Rf1 Kg4 46. Re7 Kf5
47. Qxe6+ Qxe6 48. Rxe6 Kxe6 49. a4 c4 50. a5 Kd6 51. Rc1 c3 52. Kf1 Kc5 53. a6
Kb6 54. Ke2 {Wurzlwurzn gibt auf}  1-0

[Event "1. OEsterreichische Internet Schach Meisterschaft - Vorrunde 1"]
[Site "Online - Playchess.com"]
[Date ""]
[Round "6"]
[Board "14"]
[White "Wohlfahrt, Herbert"]
[Black "Belke, Frank"]
[Result "1-0"]
[WhiteElo "2285"]
[BlackElo "2273"]
[PlyCount "63"]
[EventDate "2020.04.11"]
[EventRounds "9"]
[EventCountry "AUT"]

1. Nf3 Nf6 2. c4 g6 3. b3 Bg7 4. Bb2 O-O 5. g3 d5 6. cxd5 Nxd5 7. Bxg7 Kxg7 8.
d4 b6 9. Bg2 Bb7 10. O-O Nf6 11. Nc3 Ne4 12. Qc2 Nxc3 13. Qxc3 Nd7 14. Rac1 Rc8
15. d5+ f6 16. Nd4 Nc5 17. b4 e5 18. bxc5 exd4 19. Qxd4 bxc5 20. Rxc5 Qd6 21.
Rfc1 Rfd8 22. Bh3 Rb8 23. Rxc7+ Kh8 24. e4 Qe5 25. Qxe5 fxe5 26. Re7 Bc8 27.
Bxc8 Rdxc8 28. Rxc8+ Rxc8 29. Rxe5 Rc1+ 30. Kg2 a5 31. d6 Rd1 32. Rd5 {hubdoc
gibt auf}  1-0

[Event "1. OEsterreichische Internet Schach Meisterschaft - Vorrunde 1"]
[Site "Online - Playchess.com"]
[Date ""]
[Round "6"]
[Board "15"]
[White "Pilshofer, Paul"]
[Black "Bauer, Sebastian"]
[Result "0-1"]
[WhiteElo "1715"]
[BlackElo "2237"]
[PlyCount "76"]
[EventDate "2020.04.11"]
[EventRounds "9"]
[EventCountry "AUT"]

1. d4 Nf6 2. Nf3 e6 3. g3 Be7 4. Bg2 O-O 5. O-O d5 6. c4 a6 7. b3 dxc4 8. bxc4
c5 9. Bb2 cxd4 10. Nxd4 Qc7 11. Nd2 e5 12. N4b3 Nc6 13. a3 Be6 14. Qc2 a5 15.
Rfd1 a4 16. Nc1 Rfd8 17. Nd3 Nd4 18. Bxd4 exd4 19. Nf4 Bd7 20. Ne4 Bc6 21.
Nxf6+ Bxf6 22. Bxc6 bxc6 23. Rd3 g6 24. Rad1 Be5 25. Ng2 Bf6 26. e3 dxe3 27.
Nxe3 Rxd3 28. Rxd3 Bg7 29. Qd2 Qe7 30. Kg2 h5 31. f3 Re8 32. Kf2 Qc5 33. Qe2
Bd4 34. h3 Qxc4 35. Rxd4 Qxd4 36. Kg2 Qxe3 37. Qxe3 Rxe3 38. Kf2 Rxa3 {Ppe1968
gibt auf}  0-1

[Event "1. OEsterreichische Internet Schach Meisterschaft - Vorrunde 1"]
[Site "Online - Playchess.com"]
[Date ""]
[Round "6"]
[Board "16"]
[White "Meier, Alexander"]
[Black "Iro, Christian"]
[Result "1/2-1/2"]
[WhiteElo "2226"]
[BlackElo "2081"]
[PlyCount "97"]
[EventDate "2020.04.11"]
[EventRounds "9"]
[EventCountry "AUT"]

1. e4 c6 2. d4 d5 3. Nc3 dxe4 4. Nxe4 Bf5 5. Ng3 Bg6 6. h4 h6 7. Nf3 Nd7 8. h5
Bh7 9. Bd3 Bxd3 10. Qxd3 e6 11. Bd2 Ngf6 12. O-O-O Be7 13. Nf1 Ng4 14. Qe2 Nb6
15. Ne3 Nxe3 16. fxe3 Qd5 17. Kb1 Nc4 18. Bc1 Qb5 19. Rhe1 a5 20. b3 Na3+ 21.
Bxa3 Qxe2 22. Rxe2 Bxa3 23. e4 O-O-O 24. c4 Kc7 25. d5 cxd5 26. cxd5 exd5 27.
exd5 Rhe8 28. Rc2+ Kb8 29. Rc4 Re2 30. g4 Rf2 31. Ne1 Rf1 32. Kc2 Bb4 33. Re4
Rxe1 34. Rexe1 Bxe1 35. Rxe1 Rxd5 36. Re7 Rg5 37. Rxf7 Rxg4 38. a4 Rg5 39. Kc3
Ka7 40. Kc4 Kb6 41. Re7 Rg4+ 42. Kc3 Kc6 43. Rf7 Rg5 44. Kc4 Rg4+ 45. Kc3 Rg5
46. Kc4 Kb6 47. Re7 Rg4+ 48. Kc3 Kc6 49. Rf7  1/2-1/2